| 000 | 00460nam a2200157Ia 4500 | ||
|---|---|---|---|
| 008 | 151213s9999 xx 000 0 und d | ||
| 100 | _aG. A. Striner & J. F. Striner | ||
| 245 |
_aBusiness, Government & Society: A managerial perspective _cG. A. Striner & J. F. Striner |
||
| 250 | _a3rd | ||
| 260 |
_aNew York _bRandum House |
||
| 300 | _a1201 p. | ||
| 650 | _aManagement | ||
| 650 | _aManagement | ||
| 700 | _aG. A. Striner & J. F. Striner | ||
| 999 |
_c1066 _d1066 |
||